000 00563nam a2200169 i 4500
001 49158
003 ES-MaACL
005 20230906161911.0
007 t|
008 030710q1869 sp ||||1| spa d
100 1 _aCorrochano y Casanova, Manuel María.
_940790
245 1 0 _aCuadros farmacológicos de terapéutica, materia médica y arte de formular /
_cManuel Corrochano.
260 _aMadrid :
_b[s.n.],
_c1869 (
_fM. Alvárez)
300 _a70, [1] p., [10] h. de cuadros pleg. ;
_c21 cm.
650 0 4 _aFarmacología.
_912725
852 _aES-MaACL
_jT-310-F-7
999 _c49158
_d49158